00558nam a2200145Ia 4500008004100000245013300041260003500174260000900209300000800218500001500226650001300241856006600254999001900320952007300339170516s9999 xx 000 0 und d aBiodegradable interpenetrating polymer network hydrogel membranes for controlled release of anticancer drug Prof. M. C. S. Subha bAsian Journal of Pharmaceutics c2015 a9:2 aApril-June xPharmacy uhttp://www.asiapharmaceutics.info/index.php/ajp/issue/view/54 c331043d331043 001040aCLbCLd2017-05-16l0r2017-05-16 00:00:00w2017-05-16yFOJ